| 000 | 00532nam a2200121Ia 4500 | ||
|---|---|---|---|
| 008 | 171212s9999 xx 000 0 und d | ||
| 020 | _a9780874216578 | ||
| 245 |
_ceditor Sinor, Jennifer;Kaufman, Rona _aPlacing the Academy _bEssays on Landscape, Work, and Identity |
||
| 260 |
_bUniversity Press of Colorado _c2007 |
||
| 650 | _aCollege teaching -- Philosophy; College teachers -- United States; Identity (Psychology); Place (Philosophy); Creative writing | ||
| 650 | _aEducation | ||
| 856 | _uwww.jstor.org/stable/10.2307/j.ctt4cgq72 | ||
| 999 |
_c353147 _d353147 |
||